000 00886nam a2200253 a 4500
001 000020906
005 20200930011203.0
008 100823s2006 cu a r 000 0 spa d
020 _a9590700829
040 _aDO-SdBNP
_bspa
_cBNPHU
082 _a581.35
_bR696m, 2006
100 1 _aRodríguez Fuentes, Carlos,
_943810
245 1 0 _aMejora de plantas /
_cCarlos Rodríguez Fuentas, Juan Pérez Ponce y Armín Fuchs; Yohanka Morejón Rivero.
250 _a2a ed.
260 _aLa Habana, (Cuba) :
_bEditorial Félix Valera,
_c2006.
300 _a293 p. :
_bil. ;
_c21 cm.
504 _aIncluye referencias bibliográficas : (p. 288-293)
650 4 _aGenética vegetal
_943811
650 4 _aMejoramiento selectivo de plantas
_943812
700 1 _aPérez Ponce, Juan,
_943813
700 1 _aFuchs, Armín,
_943814
700 1 _aMorejón Rivero, Yohanka,
_eed.
_943815
049 _aBNGR
999 _c20409
_d20409